Outlook Traveller (Record no. 14402)
[ view plain ]
| 000 -LEADER | |
|---|---|
| fixed length control field | 003090000a22001570004500 |
| 001 - CONTROL NUMBER | |
| control field | 002491 |
| 003 - CONTROL NUMBER IDENTIFIER | |
| control field | MACL |
| 040 ## - CATALOGING SOURCE | |
| Original cataloging agency | MACL |
| 090 ## - LOCALLY ASSIGNED LC-TYPE CALL NUMBER (OCLC); LOCAL CALL NUMBER (RLIN) | |
| -- | 14484 |
| -- | 14483 |
| 100 ## - MAIN ENTRY--PERSONAL NAME | |
| Personal name | Outlook |
| 245 ## - TITLE STATEMENT | |
| Title | Outlook Traveller |
| 260 ## - PUBLICATION, DISTRIBUTION, ETC. (IMPRINT) | |
| Date of publication, distribution, etc. | 2004 |
| Name of publisher, distributor, etc. | Outlook |
| 350 ## - PRICE (NR) (BK AM CF MU VM SE) [OBSOLETE] | |
| Price | 225 |
| 650 ## - SUBJECT ADDED ENTRY--TOPICAL TERM | |
| Topical term or geographic name as entry element | Serial Publication |
| 942 ## - ADDED ENTRY ELEMENTS (KOHA) | |
| Call number prefix | 50 |
| Koha item type | Library Membar |
| Withdrawn status | Lost status | Damaged status | Not for loan | Home library | Current library | Date acquired | Total Checkouts | Full call number | Barcode | Date last seen | Uniform Resource Identifier | Price effective from | Koha item type |
|---|---|---|---|---|---|---|---|---|---|---|---|---|---|
| MACL | MACL | 29/04/2015 | 50 BOOK | CRE19826 | 29/04/2015 | 14286 | 15/04/2015 | Books |









